KOHA-Header-6

Learn Desktop Graphics and Design on The PC (Record no. 7275)

000 -LEADER
fixed length control field 00269nam a2200109Ia 4500
100 ## - MAIN ENTRY--AUTHOR NAME
Personal name Donald Jenner
245 #0 - TITLE STATEMENT
Title Learn Desktop Graphics and Design on The PC
260 ## - PUBLICATION, DISTRIBUTION, ETC. (IMPRINT)
Place of publication UK
Name of publisher Addison
Year of publication 1995
300 ## - PHYSICAL DESCRIPTION
Number of Pages 350
942 ## - ADDED ENTRY ELEMENTS (KOHA)
Koha item type Books
Holdings
Withdrawn status Lost status Collection code Permanent Location Current Location Shelving location Date acquired Full call number Accession Number Koha item type
    Computer Science MAJU MAJU   2019-09-12 005.2 1059 Computer Science

Powered by Koha